[Event "IX Open A"]
[Site "Bergamo ITA"]
[Date "2010.07.16"]
[Round "1"]
[White "Astengo, Marcello"]
[Black "Borgo, Giulio"]
[WhiteElo "2071"]
[BlackElo "2419"]
[Result "0-1"]
[PlyCount "68"]
[EventDate "2010.07.16"]

1. d4 d5 2. c4 e6 3. Nc3 c6 4. e3 Nf6 5. Nf3 Nbd7 6. Bd3 a6 7. O-O dxc4 8. Bxc4
b5 9. Bd3 c5 10. a4 b4 11. Nb1 Bb7 12. Nbd2 Be7 13. a5 O-O 14. b3 cxd4 15. Nxd4
Ne5 16. Be2 Qd5 17. N4f3 Ne4 18. Nxe4 Qxe4 19. Bb2 Rfd8 20. Qb1 Nd3 21. Bxd3
Rxd3 22. Bd4 Bd5 23. Rd1 Rxd1+ 24. Qxd1 Rc8 25. Ne1 e5 26. f3 Qg6 27. e4 Bxe4
28. Bxe5 Bf5 29. Ra2 Qc6 30. Re2 Rd8 31. Qa1 Qb5 32. Qb2 Bc5+ 33. Kh1 Re8 34.
Rd2 Qf1# 0-1

[Event "IX Open A"]
[Site "Bergamo ITA"]
[Date "2010.07.16"]
[Round "1"]
[White "Bernardi, Ruben"]
[Black "Gonella, Daniele"]
[WhiteElo "2212"]
[BlackElo "1982"]
[Result "1-0"]
[PlyCount "40"]
[EventDate "2010.07.16"]

1. e4 e5 2. Nf3 Nc6 3. Nc3 Bc5 4. Nxe5 Bxf2+ 5. Kxf2 Nxe5 6. d4 Ng6 7. Be3 d6
8. Be2 Qh4+ 9. g3 Qh3 10. Nd5 Qd7 11. c4 c6 12. Nc3 f5 13. Rf1 Qc7 14. Qd3 Nf6
15. exf5 Bxf5 16. Qxf5 O-O 17. Bf3 Rae8 18. Rad1 Ne4+ 19. Qxe4 Qf7 20. Qg4 Qxc4
1-0

[Event "IX Open A"]
[Site "Bergamo ITA"]
[Date "2010.07.16"]
[Round "1"]
[White "Contin, Daniel"]
[Black "Cardani, Roberto"]
[WhiteElo "2307"]
[BlackElo "2022"]
[Result "1-0"]
[PlyCount "49"]
[EventDate "2010.07.16"]

1. d4 Nf6 2. Nf3 g6 3. c4 Bg7 4. Nc3 d5 5. cxd5 Nxd5 6. g3 O-O 7. Bg2 c6 8. O-O
Nd7 9. Qb3 N7b6 10. Ne4 a5 11. a3 a4 12. Qa2 Nc7 13. Nc5 Ne6 14. Be3 Nxc5 15.
dxc5 Be6 16. Qb1 Nc4 17. Rd1 Qa5 18. Bd4 Rfd8 19. e3 h6 20. Qc2 Qb5 21. Bf1 Qb3
22. Qc1 Nxb2 23. Rd2 Nc4 24. Rd3 Qb5 25. Rc3 1-0

[Event "IX Open A"]
[Site "Bergamo ITA"]
[Date "2010.07.16"]
[Round "1"]
[White "Curtacci, Sergio"]
[Black "Srivachirawat, Kannapon"]
[WhiteElo "1999"]
[BlackElo "2245"]
[Result "1-0"]
[PlyCount "75"]
[EventDate "2010.07.16"]

1. d4 e6 2. Nf3 d5 3. e3 Bd6 4. Bd3 Nd7 5. Nbd2 f5 6. c4 c6 7. b3 Ngf6 8. Bb2
b6 9. Qe2 Bb7 10. O-O O-O 11. Ne5 Ne4 12. f3 Nxd2 13. Qxd2 Nf6 14. cxd5 cxd5
15. Rac1 Qe7 16. Rc2 Rac8 17. Rfc1 Rxc2 18. Rxc2 Rc8 19. Qc1 Rxc2 20. Qxc2 Qc7
21. Qxc7 Bxc7 22. Bb5 a6 23. Bd3 Bd6 24. Kf2 g5 25. h3 h5 26. Bc3 h4 27. Ke2 a5
28. Bb5 Kf8 29. Be1 Bxe5 30. dxe5 Nh5 31. Bc3 f4 32. Bd4 Ng3+ 33. Kf2 Nf5 34.
Bxb6 fxe3+ 35. Bxe3 g4 36. hxg4 Nxe3 37. Kxe3 d4+ 38. Kxd4 1-0

[Event "IX Open A"]
[Site "Bergamo ITA"]
[Date "2010.07.16"]
[Round "1"]
[White "De Palma, Fabrizio"]
[Black "Tesic, Dragan"]
[WhiteElo "2069"]
[BlackElo "2369"]
[Result "0-1"]
[PlyCount "48"]
[EventDate "2010.07.16"]

1. d4 Nf6 2. c4 g6 3. Nc3 d5 4. Bg5 Ne4 5. Bf4 Nxc3 6. bxc3 dxc4 7. Nf3 Bg7 8.
Qa4+ Nd7 9. Be5 O-O 10. Bxg7 Nb6 11. Qc2 Kxg7 12. e4 c5 13. dxc5 Nd7 14. Bxc4
Nxc5 15. O-O Qc7 16. h3 Qf4 17. Qd2 Qxe4 18. Bd5 Qd3 19. Qxd3 Nxd3 20. Rab1 Rb8
21. Nd4 e5 22. Nb5 a6 23. Na7 Nf4 24. Be4 Ne2+ 0-1

[Event "IX Open A"]
[Site "Bergamo ITA"]
[Date "2010.07.16"]
[Round "1"]
[White "Finocchiaro, Gianluca"]
[Black "Godena, Michele"]
[WhiteElo "2104"]
[BlackElo "2548"]
[Result "0-1"]
[PlyCount "40"]
[EventDate "2010.07.16"]

1. e4 e5 2. Nc3 Nc6 3. Nf3 Nf6 4. d4 Bb4 5. d5 Nb8 6. Qd3 O-O 7. Bg5 d6 8.
O-O-O Bxc3 9. bxc3 Nbd7 10. Qe3 Nc5 11. Nxe5 Ncxe4 12. Nf3 Nxg5 13. Nxg5 Ng4
14. Qf4 Nxf2 15. Nxh7 Nxd1 16. Nxf8 Nxc3 17. Bc4 Qf6 18. Qxf6 gxf6 19. Re1 Kxf8
20. Kd2 Na4 0-1

[Event "IX Open A"]
[Site "Bergamo ITA"]
[Date "2010.07.16"]
[Round "1"]
[White "Gagliardi, Christian"]
[Black "Guzzetti, Luigi Enrico"]
[WhiteElo "2200"]
[BlackElo "1907"]
[Result "1-0"]
[PlyCount "79"]
[EventDate "2010.07.16"]

1. e4 c5 2. Nc3 e6 3. g3 Nc6 4. Bg2 Nf6 5. f4 d6 6. Nge2 Be7 7. O-O a6 8. d3
Qc7 9. h3 Bd7 10. Be3 Rc8 11. g4 h6 12. Ng3 g6 13. Qd2 b5 14. Rae1 b4 15. Nce2
h5 16. g5 Nh7 17. h4 f5 18. exf5 exf5 19. d4 Na5 20. dxc5 dxc5 21. Bd5 Rd8 22.
Qc1 Bc6 23. Bxc6+ Qxc6 24. c3 Kf7 25. cxb4 cxb4 26. Nd4 Qd5 27. Nf3 Bd6 28. Rd1
Qb5 29. Bd4 Rc8 30. Qd2 Rhd8 31. Qg2 Bxf4 32. Nxh5 Bd6 33. Nf6 Nxf6 34. gxf6
Bc5 35. Ng5+ Kg8 36. f7+ Kf8 37. Ne6+ Kxf7 38. Nxd8+ Rxd8 39. Rxf5+ gxf5 40.
Qg7+ 1-0

[Event "IX Open A"]
[Site "Bergamo ITA"]
[Date "2010.07.16"]
[Round "1"]
[White "Giretti Kanev, Jasen"]
[Black "Quagliarella, Sabino Remo"]
[WhiteElo "2208"]
[BlackElo "1946"]
[Result "1-0"]
[PlyCount "87"]
[EventDate "2010.07.16"]

1. e4 e5 2. Bc4 Bc5 3. Nf3 Nc6 4. c3 d6 5. d4 exd4 6. cxd4 Bb4+ 7. Bd2 Bxd2+ 8.
Nbxd2 Nf6 9. O-O O-O 10. e5 dxe5 11. dxe5 Nd5 12. Ne4 Nb6 13. Bb5 Bg4 14. Bxc6
Qxd1 15. Raxd1 bxc6 16. Rc1 Bxf3 17. gxf3 Rfe8 18. Rxc6 Rxe5 19. Rxc7 Ra5 20.
a3 Rf5 21. Rd1 Rxf3 22. Rxa7 Rf8 23. b4 Nc4 24. a4 Rf4 25. Re1 f5 26. Nc5 Rg4+
27. Kf1 f4 28. h3 Rg6 29. Re6 Rg5 30. Ne4 Re5 31. Rxe5 Nxe5 32. Ke2 Nc6 33. Rb7
Nd4+ 34. Kd3 Rd8 35. Kc4 Nf3 36. Nc5 g5 37. a5 h5 38. a6 Nd4 39. b5 Nf5 40. Rd7
Re8 41. Rd5 Ne3+ 42. fxe3 fxe3 43. Rxg5+ Kf7 44. a7 1-0

[Event "IX Open A"]
[Site "Bergamo ITA"]
[Date "2010.07.16"]
[Round "1"]
[White "Guanciale, Orazio"]
[Black "Attuati, Stefano"]
[WhiteElo "2171"]
[BlackElo "1900"]
[Result "1-0"]
[PlyCount "51"]
[EventDate "2010.07.16"]

1. e4 e6 2. d4 d5 3. Nc3 Nf6 4. Bg5 dxe4 5. Nxe4 Be7 6. Bxf6 Bxf6 7. Nf3 Nd7 8.
Qd2 O-O 9. O-O-O Be7 10. h4 a6 11. Qf4 Nf6 12. Nxf6+ Bxf6 13. Bd3 Qd5 14. c4
Qc6 15. Ng5 b5 16. Nxh7 Be7 17. Nxf8 Bb7 18. Nh7 bxc4 19. Bc2 c3 20. Ng5 f6 21.
Nxe6 Qb6 22. Bb3 Bd5 23. Qxc7 cxb2+ 24. Kxb2 Qb4 25. Nc5 a5 26. Qb7 1-0

[Event "IX Open A"]
[Site "Bergamo ITA"]
[Date "2010.07.16"]
[Round "1"]
[White "Kimbin, Richard Conrod"]
[Black "Stips, Felix"]
[WhiteElo "1918"]
[BlackElo "2206"]
[Result "0-1"]
[PlyCount "70"]
[EventDate "2010.07.16"]

1. Nf3 d5 2. g3 Nf6 3. Bg2 c6 4. d3 Bg4 5. h3 Bxf3 6. Bxf3 e5 7. Nd2 Nbd7 8. e4
Bd6 9. O-O O-O 10. Qe2 Re8 11. Nb3 Qc7 12. g4 dxe4 13. dxe4 Nc5 14. Nxc5 Bxc5
15. h4 Nd7 16. g5 Nf8 17. Bg4 Qe7 18. Kg2 b5 19. a4 a6 20. c3 Ng6 21. Rh1 Rad8
22. b4 Bb6 23. axb5 axb5 24. Bf5 Nf4+ 25. Bxf4 exf4 26. Kf3 g6 27. Bg4 Be3 28.
fxe3 Qxe4+ 29. Kf2 Rd2 30. Qxd2 fxe3+ 31. Qxe3 Qxe3+ 32. Kg2 Qd2+ 33. Kg3 Qxc3+
34. Bf3 Re3 35. Rhf1 Rxf3+ 0-1

[Event "IX Open A"]
[Site "Bergamo ITA"]
[Date "2010.07.16"]
[Round "1"]
[White "Leoni, Livio"]
[Black "Pucovski, Miroslav"]
[WhiteElo "2015"]
[BlackElo "2307"]
[Result "1/2-1/2"]
[PlyCount "50"]
[EventDate "2010.07.16"]

1. e4 c5 2. Nf3 Nc6 3. d4 cxd4 4. Nxd4 e5 5. Nb5 d6 6. N1c3 a6 7. Na3 b5 8. Nd5
Nce7 9. Bg5 h6 10. Bxb5+ axb5 11. Nxb5 Ra6 12. Ndc7+ Kd7 13. Bh4 Rb6 14. Qd3 g5
15. O-O-O Ng6 16. Bg3 Nf6 17. Qc4 Rh7 18. Bxe5 Nxe5 19. Qc5 Rxb5 20. Nxb5 Ke6
21. Nd4+ Kd7 22. Qb5+ Kc7 23. Qa5+ Kd7 24. Qb5+ Kc7 25. Qa5+ Kd7 1/2-1/2

[Event "IX Open A"]
[Site "Bergamo ITA"]
[Date "2010.07.16"]
[Round "1"]
[White "Licina, Zoran"]
[Black "Ranfagni, Stefano"]
[WhiteElo "2297"]
[BlackElo "2013"]
[Result "1/2-1/2"]
[PlyCount "95"]
[EventDate "2010.07.16"]

1. e4 e5 2. Nf3 Nf6 3. Nxe5 d6 4. Nf3 Nxe4 5. d4 d5 6. Bd3 Bd6 7. O-O O-O 8. c4
c6 9. Nc3 Nxc3 10. bxc3 dxc4 11. Bxc4 Bg4 12. Qd3 Bh5 13. Ne5 Bxe5 14. dxe5
Qxd3 15. Bxd3 Nd7 16. f4 Rfd8 17. Bc2 Nb6 18. Rb1 Be2 19. Re1 Bd3 20. Bxd3 Rxd3
21. c4 Rc3 22. f5 Rxc4 23. e6 fxe6 24. fxe6 Re8 25. g3 Rc2 26. a3 Ra2 27. h4 h6
28. g4 Re7 29. g5 Kh7 30. h5 hxg5 31. Bxg5 Re8 32. Rb3 Rc2 33. e7 Rc5 34. Rg3
Rf5 35. Re6 Nd5 36. h6 g6 37. Bd2 Rxe7 38. Rexg6 Rff7 39. a4 Nf4 40. Bxf4 Rxf4
41. Rg7+ Rxg7 42. Rxg7+ Kxh6 43. Rxb7 Rxa4 44. Rc7 Ra6 45. Kf2 Kg5 46. Ke3 Kf5
47. Kd4 Ke6 48. Kc5 1/2-1/2

[Event "IX Open A"]
[Site "Bergamo ITA"]
[Date "2010.07.16"]
[Round "1"]
[White "Moreschi, Mauro"]
[Black "Bolico, Exfelicos"]
[WhiteElo "1907"]
[BlackElo "2174"]
[Result "0-1"]
[PlyCount "126"]
[EventDate "2010.07.16"]

1. e4 c5 2. Nf3 d6 3. Bb5+ Bd7 4. Bxd7+ Nxd7 5. O-O Ngf6 6. Qe2 g6 7. Nc3 Bg7
8. Re1 Ng4 9. Nd5 e6 10. Ne3 Nge5 11. Nxe5 Nxe5 12. Qb5+ Qd7 13. Qxd7+ Nxd7 14.
Rb1 O-O 15. Nc4 d5 16. Nd6 Be5 17. Nxb7 Bc7 18. e5 f6 19. Nd6 Rab8 20. c4 Nxe5
21. Nb5 Ba5 22. Na3 Nd3 23. Rxe6 Rbe8 24. cxd5 Nf4 25. Rxe8 Rxe8 26. Nc2 Nxd5
27. Ne3 Nb4 28. a3 Nd3 29. Kf1 f5 30. g3 g5 31. f3 Nxc1 32. Rxc1 Bxd2 33. Rxc5
Rxe3 34. Rxf5 Rb3 35. Rd5 Be3 36. Ke2 Kf7 37. Rd7+ Kf6 38. Rd6+ Kf5 39. g4+ Ke5
40. Rh6 Bd4 41. Rxh7 Rxb2+ 42. Kd3 Rb3+ 43. Kc4 Rc3+ 44. Kb4 Rxf3 45. h4 Rh3
46. h5 Kf4 47. h6 Kxg4 48. Rd7 Be3 49. h7 Kf5 50. Rd3 Ke4 51. Rd7 g4 52. Re7+
Kf3 53. Kc4 g3 54. Kd3 Bf2 55. Rf7+ Kg4 56. Ke2 Kg5 57. Kf3 Kg6 58. Rd7 Rxh7
59. Rd5 Re7 60. a4 Re3+ 61. Kg2 Re4 62. a5 Kf6 63. a6 Ke6 0-1

[Event "IX Open A"]
[Site "Bergamo ITA"]
[Date "2010.07.16"]
[Round "1"]
[White "Mrdja, Milan"]
[Black "Campini, Marco"]
[WhiteElo "2372"]
[BlackElo "2070"]
[Result "1-0"]
[PlyCount "87"]
[EventDate "2010.07.16"]

1. e4 c5 2. Nf3 d6 3. d4 cxd4 4. Qxd4 Nc6 5. Bb5 Bd7 6. Bxc6 Bxc6 7. Nc3 Nf6 8.
Bg5 Qa5 9. O-O-O Nd7 10. Kb1 Rc8 11. Rhe1 e5 12. Qd2 h6 13. Bh4 Nc5 14. Qe3 Ne6
15. Nd2 b5 16. Nd5 Qa4 17. b3 Qd4 18. Nf1 Qc5 19. Qd2 Bxd5 20. exd5 Nf4 21. Ne3
Kd7 22. g3 Ng6 23. Qe2 Kc7 24. c4 Be7 25. Bxe7 Nxe7 26. cxb5 Kb8 27. Qd3 Qb4
28. Rc1 e4 29. Qe2 Rc3 30. Rxc3 Qxc3 31. Rc1 Qd4 32. Rc4 Qe5 33. Qd2 Rc8 34.
Rxc8+ Kxc8 35. a4 Kb8 36. Qb2 Qh5 37. Qxg7 Qe2 38. Qh8+ Kb7 39. Qb2 Qe1+ 40.
Ka2 Qb4 41. g4 Kb6 42. Nc4+ Kc5 43. Qf6 Nc8 44. Qd8 1-0

[Event "IX Open A"]
[Site "Bergamo ITA"]
[Date "2010.07.16"]
[Round "1"]
[White "Orsi, Matteo"]
[Black "Lapiccirella, Daniele"]
[WhiteElo "1980"]
[BlackElo "2212"]
[Result "0-1"]
[PlyCount "50"]
[EventDate "2010.07.16"]

1. Nf3 d5 2. d4 Nf6 3. c4 c6 4. g3 Bg4 5. Ne5 Bh5 6. Bg2 e6 7. Nc3 Bd6 8. O-O
O-O 9. Qb3 Nbd7 10. e4 Nxe5 11. dxe5 Bxe5 12. exd5 cxd5 13. cxd5 exd5 14. Nxd5
Nxd5 15. Bxd5 Qa5 16. Be3 Rab8 17. Rac1 b6 18. Be4 Rbd8 19. Rc4 Be2 20. Ra4 Qb5
21. Rb4 Qd7 22. Re1 Bg4 23. Qc2 f5 24. Bc6 Qd6 25. f4 Qxb4 0-1

[Event "IX Open A"]
[Site "Bergamo ITA"]
[Date "2010.07.16"]
[Round "1"]
[White "Piantoni, Roberto"]
[Black "Georgiev, Vladimir"]
[WhiteElo "2134"]
[BlackElo "2586"]
[Result "0-1"]
[PlyCount "58"]
[EventDate "2010.07.16"]

1. d4 Nf6 2. Bg5 c5 3. Bxf6 gxf6 4. d5 Qb6 5. Nd2 f5 6. e3 Qxb2 7. Bc4 b5 8.
Bd3 Bg7 9. Rb1 Qxa2 10. Bxf5 Bc3 11. Rb3 Bxd2+ 12. Qxd2 Qa1+ 13. Qd1 Qxd1+ 14.
Kxd1 b4 15. Ne2 a5 16. h4 Bb7 17. Nf4 c4 18. Rb1 e6 19. Be4 Na6 20. Bf3 Nc5 21.
Kc1 Ke7 22. Rd1 d6 23. Be2 e5 24. Nh3 Ne4 25. Bxc4 Nc3 26. Rd3 Nxb1 27. Kxb1
Rhc8 28. Bb5 Rc5 29. Ba4 Rxd5 0-1

[Event "IX Open A"]
[Site "Bergamo ITA"]
[Date "2010.07.16"]
[Round "1"]
[White "Regorda, Massimiliano"]
[Black "Lindh, Fredrik"]
[WhiteElo "1897"]
[BlackElo "2168"]
[Result "0-1"]
[PlyCount "58"]
[EventDate "2010.07.16"]

1. e4 c5 2. Nf3 Nc6 3. Bb5 g6 4. O-O Bg7 5. Bxc6 bxc6 6. c4 d6 7. Re1 e5 8. d3
Ne7 9. Be3 O-O 10. Qd2 f5 11. Bh6 f4 12. Bxg7 Kxg7 13. Qe2 Rb8 14. h3 h6 15. b3
g5 16. Nh2 Ng6 17. Qh5 f3 18. g3 Qa5 19. Re3 Be6 20. Ng4 Bxg4 21. Qxg4 Rf7 22.
Rxf3 Qe1+ 23. Kg2 Rbf8 24. Rxf7+ Rxf7 25. f3 Qe2+ 26. Kg1 Qe3+ 27. Kg2 h5 28.
Qxh5 Qe2+ 29. Kh1 Qf1+ 0-1

[Event "IX Open A"]
[Site "Bergamo ITA"]
[Date "2010.07.16"]
[Round "1"]
[White "Rota, Simone"]
[Black "Vuelban, Virgilio"]
[WhiteElo "2034"]
[BlackElo "2358"]
[Result "0-1"]
[PlyCount "92"]
[EventDate "2010.07.16"]

1. d4 Nf6 2. c4 e6 3. Nf3 Nc6 4. g3 d5 5. c5 b6 6. cxb6 axb6 7. Bg2 Nb4 8. Nc3
c5 9. Bg5 Be7 10. O-O O-O 11. a3 Nc6 12. Rc1 Bb7 13. Re1 h6 14. Bf4 Ne4 15. Nb5
Rc8 16. Be3 Qd7 17. Nc3 f5 18. Na4 Qd8 19. dxc5 bxc5 20. Bxc5 Bd6 21. Bxd6 Qxd6
22. Nd4 Ne5 23. Qb3 Rb8 24. Qb6 Bc6 25. Rxc6 Rxb6 26. Rxb6 Qd7 27. b3 Rf6 28.
Rc1 Qe8 29. Nb5 f4 30. f3 Nd2 31. Rc7 Qd8 32. Nc5 Qe8 33. Rbb7 Nf7 34. Nd7 Rf5
35. Rb8 Nd8 36. Nd6 Qe7 37. Nxf5 exf5 38. Bf1 Kf7 39. Rcc8 Qxa3 40. Bh3 Qa7+
41. Nb6 Nc6 42. Bxf5 g6 43. Rh8 Kg7 44. Rhg8+ Kf6 45. Rgf8+ Ke7 46. g4 Kd6 0-1

[Event "IX Open A"]
[Site "Bergamo ITA"]
[Date "2010.07.16"]
[Round "1"]
[White "Rusev, Krasimir"]
[Black "Angelini, Marco"]
[WhiteElo "2543"]
[BlackElo "2103"]
[Result "1-0"]
[PlyCount "89"]
[EventDate "2010.07.16"]

1. d4 d5 2. c4 e6 3. Nf3 c6 4. e3 Nf6 5. Nc3 Nbd7 6. Qc2 b6 7. Bd3 Bb7 8. O-O
Be7 9. cxd5 cxd5 10. Bd2 h6 11. a4 a6 12. a5 b5 13. Qb3 O-O 14. Ne2 Ne4 15. Bb4
Nd6 16. Qa3 Nb8 17. Ne5 Nc6 18. Bc5 Re8 19. b3 Nxe5 20. dxe5 Ne4 21. Bxe7 Rxe7
22. f3 Ng5 23. Rac1 Rc7 24. Nd4 Rac8 25. Rcd1 Nh7 26. Qb4 Nf8 27. Ne2 f6 28.
exf6 Qxf6 29. f4 e5 30. fxe5 Qxe5 31. Qd4 Re7 32. Rf3 Nh7 33. Bxh7+ Kxh7 34.
Qxe5 Rxe5 35. Nd4 Rc3 36. Kf2 Bc6 37. Ke2 Be8 38. Kd2 b4 39. Rc1 Rxc1 40. Kxc1
Bg6 41. Kd2 Re8 42. Rf1 Be4 43. g3 Kg6 44. Nc6 Rc8 45. Ne7+ 1-0

[Event "IX Open A"]
[Site "Bergamo ITA"]
[Date "2010.07.16"]
[Round "1"]
[White "Seyfried, Claus"]
[Black "Drazic, Sinisa"]
[WhiteElo "2087"]
[BlackElo "2535"]
[Result "0-1"]
[PlyCount "88"]
[EventDate "2010.07.16"]

1. e4 c5 2. Nf3 h6 3. c3 a6 4. d4 cxd4 5. cxd4 d5 6. exd5 Nf6 7. Nc3 Nxd5 8.
Bc4 Nxc3 9. bxc3 Qc7 10. Ne5 e6 11. O-O Bd6 12. Qe2 O-O 13. Re1 Rd8 14. Qg4 Kf8
15. Bf4 Nc6 16. Bb3 Nxe5 17. dxe5 Be7 18. Re3 g5 19. Bg3 Bd7 20. Qh5 Bc6 21.
Qxh6+ Ke8 22. h4 Bc5 23. Qh8+ Ke7 24. Qf6+ Ke8 25. Qh8+ Kd7 26. Rd3+ Kc8 27.
Rxd8+ Qxd8 28. Qxd8+ Kxd8 29. hxg5 Ke7 30. Re1 Rh8 31. Bf4 Rh4 32. Bg3 Rg4 33.
Kh2 Bxf2 34. Bxf2 Rxg2+ 35. Kh3 Rxf2 36. Re3 a5 37. a3 Rg2 38. Kh4 Rh2+ 39. Kg4
Rb2 40. c4 Rg2+ 41. Kf4 Rf2+ 42. Kg4 Rd2 43. a4 Rd4+ 44. Kg3 Be4 0-1

[Event "IX Open A"]
[Site "Bergamo ITA"]
[Date "2010.06.16"]
[Round "1"]
[White "Solodovnichenko, Yuri"]
[Black "Tramalloni, Luca"]
[WhiteElo "2558"]
[BlackElo "2113"]
[Result "1-0"]
[PlyCount "39"]
[EventDate "2010.07.16"]

1. e4 c5 2. Nf3 d6 3. d4 cxd4 4. Nxd4 Nf6 5. Nc3 g6 6. Be3 Bg7 7. f3 Nc6 8. Bc4
O-O 9. Bb3 Bd7 10. h4 Qa5 11. Qd2 Rfc8 12. O-O-O Ne5 13. Kb1 Rab8 14. h5 Nxh5
15. Bh6 Bxh6 16. Qxh6 Rxc3 17. bxc3 Qc7 18. Ne2 Qb6 19. Nf4 Nf6 20. Nd5 1-0

[Event "IX Open A"]
[Site "Bergamo ITA"]
[Date "2010.07.16"]
[Round "1"]
[White "Sumets, Andrey"]
[Black "Berni, Fabrizio"]
[WhiteElo "2618"]
[BlackElo "2154"]
[Result "1-0"]
[PlyCount "116"]
[EventDate "2010.07.16"]

1. d4 d5 2. c4 e6 3. Nf3 Nf6 4. Nc3 Be7 5. Bf4 O-O 6. e3 c5 7. dxc5 Bxc5 8. Qc2
Nc6 9. a3 Qa5 10. Rd1 Be7 11. Be2 a6 12. O-O dxc4 13. Bxc4 b5 14. Bd3 Bb7 15.
Ne4 h6 16. Nxf6+ Bxf6 17. Bh7+ Kh8 18. Rd7 Qb6 19. Bd6 Bc8 20. Bc5 Qb8 21. Rd2
Rd8 22. Be4 Rxd2 23. Nxd2 Bb7 24. Rc1 Qd8 25. b4 Rc8 26. Nb3 Qd7 27. Rd1 Qc7
28. Bd6 Qb6 29. Nc5 Nd8 30. Qd3 Bc6 31. Bxc6 Qxc6 32. Ne4 Bb2 33. f3 f5 34. Nc5
Nf7 35. Qb3 Nxd6 36. Qxb2 Nc4 37. Qc3 a5 38. Rd7 Rg8 39. h3 axb4 40. axb4 e5
41. Qd3 Qg6 42. Kf2 Re8 43. Rd8 Rxd8 44. Qxd8+ Kh7 45. Qd3 f4 46. exf4 exf4 47.
Qxg6+ Kxg6 48. Ne6 Nb6 49. Nxf4+ Kf5 50. Ke3 Ke5 51. Ne2 Nc4+ 52. Kd3 g5 53.
Kc3 Nd6 54. Nd4 h5 55. Ne2 Nf5 56. g3 Ke6 57. f4 gxf4 58. gxf4 Kf6 1-0

[Event "IX Open A"]
[Site "Bergamo ITA"]
[Date "2010.07.16"]
[Round "1"]
[White "Vezzosi, Paolo"]
[Black "Cani, Gazmir"]
[WhiteElo "2362"]
[BlackElo "2060"]
[Result "1-0"]
[PlyCount "75"]
[EventDate "2010.07.16"]

1. d4 Nf6 2. c4 g6 3. g3 Bg7 4. Bg2 d5 5. Nc3 dxc4 6. Nf3 O-O 7. Qa4 Nfd7 8.
Qxc4 Nb6 9. Qd3 Nc6 10. Be3 e5 11. Nxe5 Nxe5 12. dxe5 Qxd3 13. exd3 Bxe5 14.
O-O-O c6 15. Rde1 Bf5 16. Be4 Bxc3 17. bxc3 Bxe4 18. dxe4 Rfe8 19. Bg5 Kg7 20.
e5 Nd7 21. f4 f6 22. Rd1 Re7 23. Bh4 h6 24. Rd6 Rf8 25. Re1 Kg8 26. Red1 g5 27.
Rxd7 Rxd7 28. Rxd7 gxh4 29. e6 hxg3 30. hxg3 f5 31. Rxb7 Re8 32. e7 c5 33. Kb2
Kf7 34. Ka3 Kg7 35. Ka4 Kh8 36. Ka5 Kg7 37. Rxa7 Kg6 38. Kb6 1-0

[Event "IX Open A"]
[Site "Bergamo ITA"]
[Date "2010.07.16"]
[Round "2"]
[White "Angelini, Marco"]
[Black "Kimbin, Richard Conrod"]
[WhiteElo "2103"]
[BlackElo "1918"]
[Result "1/2-1/2"]
[PlyCount "138"]
[EventDate "2010.07.16"]

1. e4 c5 2. Nf3 d6 3. d4 cxd4 4. Nxd4 Nf6 5. Nc3 g6 6. g3 Bg7 7. Bg2 O-O 8. O-O
Bg4 9. Nde2 Qc8 10. Bg5 Nc6 11. f3 Bh3 12. Nd5 Nxd5 13. Bxh3 Qxh3 14. Qxd5 Qd7
15. c3 Rac8 16. Rac1 Ne5 17. b3 h6 18. Be3 Kh7 19. c4 b6 20. Kg2 e6 21. Qd2
Rfd8 22. Rcd1 Qb7 23. Nf4 a6 24. Qb4 Rc6 25. Rf2 Nd7 26. Nd3 Qc7 27. Qd2 a5 28.
Nc1 Nc5 29. Ne2 Qb7 30. Bd4 Bxd4 31. Qxd4 Qe7 32. Nc3 Nd7 33. Rfd2 Nf6 34. Nb5
e5 35. Qe3 Ne8 36. Rd3 Nc7 37. Nc3 Rb8 38. f4 exf4 39. Qxf4 Rd8 40. Rf3 Kg7 41.
Rdf1 Rf8 42. Nd5 Nxd5 43. exd5 Rc7 44. Re3 Qd8 45. Qd4+ Kg8 46. Qxb6 Rxc4 47.
Qxd8 Rc2+ 48. Rf2 Rxf2+ 49. Kxf2 Rxd8 50. Rc3 Ra8 51. Rc6 a4 52. b4 a3 53. b5
Ra4 54. b6 Rb4 55. Ke3 Kf8 56. Rxd6 Rb2 57. Rc6 Ke7 58. Rc7+ Kd6 59. Rxf7 Kxd5
60. Rf2 Kc6 61. Rd2 Kb7 62. Kd3 Rxb6 63. Kc3 Kc6 64. Rf2 Kd5 65. Kd3 Rc6 66.
Rf4 Ra6 67. Rb4 Rf6 68. Rb5+ Kc6 69. Rb3 Rf2 1/2-1/2

[Event "IX Open A"]
[Site "Bergamo ITA"]
[Date "2010.07.16"]
[Round "2"]
[White "Attuati, Stefano"]
[Black "De Palma, Fabrizio"]
[WhiteElo "1900"]
[BlackElo "2069"]
[Result "1/2-1/2"]
[PlyCount "92"]
[EventDate "2010.07.16"]

1. e4 c5 2. Nf3 d6 3. d4 cxd4 4. Nxd4 Nf6 5. Nc3 g6 6. Be3 Bg7 7. f3 O-O 8. Bc4
Nc6 9. Qd2 Bd7 10. O-O-O Rb8 11. g4 Na5 12. Bb3 b5 13. Bh6 b4 14. Nd5 Nxb3+ 15.
cxb3 Nxd5 16. exd5 Qa5 17. Bxg7 Kxg7 18. a4 Rfc8+ 19. Nc2 Qc7 20. Kb1 a5 21. h4
h6 22. Ne3 e5 23. f4 exf4 24. Qd4+ f6 25. g5 fxe3 26. Qxf6+ Kh7 27. Qf7+ Kh8
28. Qf6+ Kh7 29. h5 Bf5+ 30. Ka2 Rf8 31. hxg6+ Kg8 32. Qd4 Qg7 33. Qxe3 hxg5
34. Qxg5 Be4 35. Rh2 Rf5 36. Qg3 Rf6 37. Rd4 Rxg6 38. Qe3 Bf5 39. Rdh4 Rf8 40.
Qb6 Rg2 41. Rh8+ Qxh8 42. Rxg2+ Kf7 43. Qc7+ Kf6 44. Qxd6+ Kf7 45. Qc7+ Kf6 46.
Qd6+ Kf7 1/2-1/2

[Event "IX Open A"]
[Site "Bergamo ITA"]
[Date "2010.07.16"]
[Round "2"]
[White "Bernardi, Ruben"]
[Black "Solodovnichenko, Yuri"]
[WhiteElo "2212"]
[BlackElo "2558"]
[Result "0-1"]
[PlyCount "94"]
[EventDate "2010.07.16"]

1. e4 g6 2. Nc3 Bg7 3. f4 c5 4. Nf3 Nc6 5. Be2 e6 6. O-O d5 7. e5 f6 8. d4 Nh6
9. Nb5 O-O 10. c3 cxd4 11. Nbxd4 fxe5 12. Nxc6 bxc6 13. Nxe5 Qb6+ 14. Kh1 Nf7
15. Nd3 Ba6 16. Nb4 Bxe2 17. Qxe2 c5 18. Nd3 c4 19. Ne1 e5 20. fxe5 Nxe5 21.
Rxf8+ Rxf8 22. Be3 Qf6 23. Nf3 Nxf3 24. Qxf3 Qxf3 25. gxf3 Rb8 26. Rd1 Rxb2 27.
Rxd5 Bxc3 28. Rc5 Bd2 29. Rc8+ Kf7 30. Bxa7 Rxa2 31. Bd4 Ra4 32. Kg2 Bf4 33. h3
Ra2+ 34. Kf1 Rc2 35. Ke1 Ke6 36. Bg7 Kd5 37. Re8 Rh2 38. Rd8+ Kc6 39. Kd1 g5
40. Rc8+ Kd5 41. Bf8 Rxh3 42. Rd8+ Ke6 43. Rc8 Rxf3 44. Rxc4 Kf5 45. Bh6 Rd3+
46. Ke1 Rd6 47. Bf8 Re6+ 0-1

[Event "IX Open A"]
[Site "Bergamo ITA"]
[Date "2010.07.16"]
[Round "2"]
[White "Berni, Fabrizio"]
[Black "Rota, Simone"]
[WhiteElo "2154"]
[BlackElo "2034"]
[Result "1-0"]
[PlyCount "73"]
[EventDate "2010.07.16"]

1. e4 c5 2. Nc3 Nc6 3. Bb5 d6 4. Bxc6+ bxc6 5. d3 Nf6 6. f4 g6 7. Nf3 Bg7 8.
O-O Rb8 9. Qe1 O-O 10. Qh4 Nd7 11. f5 Ne5 12. Ng5 h6 13. Nh3 e6 14. f6 h5 15.
Bg5 Bh8 16. b3 Qb6 17. Kh1 c4 18. dxc4 Qa5 19. Qe1 Ng4 20. Nd5 Qxe1 21. Ne7+
Kh7 22. Raxe1 Bd7 23. Rd1 d5 24. cxd5 cxd5 25. exd5 exd5 26. Nxd5 Bf5 27. Bf4
Nxf6 28. Bxb8 Rxb8 29. Nxf6+ Bxf6 30. c4 Kg7 31. Nf4 Bg4 32. Rde1 h4 33. Nd5
Bg5 34. h3 Be6 35. Re5 Bd2 36. Rd1 Ba5 37. Nf4 1-0

[Event "IX Open A"]
[Site "Bergamo ITA"]
[Date "2010.07.16"]
[Round "2"]
[White "Bolico, Exfelicos"]
[Black "Mrdja, Milan"]
[WhiteElo "2174"]
[BlackElo "2372"]
[Result "0-1"]
[PlyCount "64"]
[EventDate "2010.07.16"]

1. d4 g6 2. Nf3 Bg7 3. e4 d6 4. Bc4 Nf6 5. Qe2 c6 6. c3 O-O 7. Bg5 h6 8. Bh4 g5
9. Bg3 Nxe4 10. Qxe4 d5 11. Qe2 dxc4 12. Qxc4 Qd5 13. Qxd5 cxd5 14. O-O Nc6 15.
Re1 Bf5 16. Nbd2 Rac8 17. Ne5 Bxe5 18. dxe5 d4 19. f4 dxc3 20. bxc3 gxf4 21.
Bxf4 Kh7 22. Nf3 Rfd8 23. Be3 Bg6 24. Rad1 b6 25. Bf2 Bh5 26. Rxd8 Nxd8 27. Re3
Ne6 28. Nd4 Nf4 29. Be1 Rc5 30. Nf5 e6 31. Nd4 Ra5 32. Re4 Nd3 0-1

[Event "IX Open A"]
[Site "Bergamo ITA"]
[Date "2010.07.16"]
[Round "2"]
[White "Borgo, Giulio"]
[Black "Guanciale, Orazio"]
[WhiteElo "2419"]
[BlackElo "2171"]
[Result "1/2-1/2"]
[PlyCount "85"]
[EventDate "2010.07.16"]

1. Nf3 g6 2. e4 d6 3. d4 Nf6 4. Nc3 Bg7 5. h3 O-O 6. Be3 Nc6 7. Bc4 Nxe4 8.
Nxe4 d5 9. Bd3 dxe4 10. Bxe4 Qd6 11. c3 e5 12. Bxc6 Qxc6 13. dxe5 b6 14. O-O
Bb7 15. Qd4 Qb5 16. c4 Qe8 17. Qg4 Bxf3 18. Qxf3 Qxe5 19. Rab1 Rae8 20. Rfd1
Qe4 21. Qxe4 Rxe4 22. b3 f5 23. Rd3 f4 24. Bd2 Bd4 25. Kf1 c5 26. f3 Re6 27.
Re1 Rxe1+ 28. Bxe1 Re8 29. b4 Kg7 30. b5 g5 31. Ra3 Re7 32. Ra6 Kf6 33. a4 Ke5
34. a5 Be3 35. axb6 axb6 36. h4 gxh4 37. Rxb6 Kd4 38. Bxh4 Rd7 39. g3 Kxc4 40.
gxf4 Rf7 41. Ke2 Bxf4 42. Bf2 Re7+ 43. Kf1 1/2-1/2